| 000 | 01981nem a2200469 a 4500 | ||
|---|---|---|---|
| 999 |
_c207797 _d207797 |
||
| 003 | BLK | ||
| 005 | 20240803142118.0 | ||
| 008 | 180412b bul rap|r|||| r0| c|bulo| | ||
| 010 | _aKNG00059772000 | ||
| 020 | _a954-8717-89-1 | ||
| 040 | _aBLK | ||
| 041 |
_aBUL _cBUL |
||
| 080 |
_aРодинознание _b372.48 _x(075.2)(084.4) _z372.48(075.2)(084.4) |
||
| 080 |
_aМетодика по природознание _b372.850.2 _x(075.2)(084.4) _z372.850.2(075.2)(084.4) |
||
| 100 | 1 |
_aБандрова, Теменужка Любенова _eпърви автор _936285 |
|
| 139 |
_aСвят _bС 27 |
||
| 245 | 1 | 0 |
_aАтлас Човекът и обществото III и IV клас _bУч. помагало _cТеменужка Любенова Бандрова; ил. Любов Тотева; ил. Иво Калчев. |
| 257 | _aBGR | ||
| 260 |
_aСофия _bДАТАМАП-Европа _c2004 _fСофия : Лито Балкан |
||
| 300 |
_a40 с. _bс ил. _c31 см |
||
| 380 | _a3 | ||
| 500 | _aАвт. отбелязана в библиогр. каре. - Одобрено със заповед на МОН от август 2004. - Офс. изд. - 4 000 тир. | ||
| 650 | 4 |
_aАтласи _9147824 |
|
| 650 | 4 |
_aСвят - атласи _9351206 |
|
| 650 | 4 |
_aБългария - атласи _9258455 |
|
| 651 | 4 |
_aСвят _9179507 |
|
| 651 | 4 |
_aБългария _9241624 |
|
| 653 | _aатласи | ||
| 653 | _aучебни помагала | ||
| 653 | _aІІІ кл. | ||
| 653 | _aІV кл. | ||
| 700 | 1 |
_aТотева, Любов _eил. _9386449 |
|
| 700 | 1 |
_aКалчев, Иво _eил. _9351205 |
|
| 710 | 1 |
_aСвят _92896 |
|
| 852 | _aЦб Кр ІІ 380 | ||
| 856 | 4 |
_qpdf _u _i0.00 _ldisable |
|
| 856 | 4 |
_qpdf _u _i0.00 _ldisable |
|
| 942 |
_cKFI _n0 _s1 _01 |
||
| 944 |
_aCR _c06.06.2006 _lСевдалина Тодорова _k30540 |
||
| 944 |
_aED _c14.11.2016 _lф / _kВиолета_Тройчева |
||
| 999 | _d207797 | ||